La Agencia estatal de evaluacin̤ de la calidad de los servicios y de las polt̕icas pb︢licas reflexiones y propuesta de creacin̤ : informe comisin̤ expertos /

Bibliographic Details
Corporate Authors: Instituto Nacional de Administracin̤ Pb︢lica (Espaą), Espaą. Ministerio para las Administraciones Pb︢licas
Other Authors: Garde Roca, Juan Antonio
Format: Book
Language:Spanish
Published: Madrid : Instituto Nacional de Administracin̤ Pb︢lica, 2005
Edition:1® ed.
Series:Estudios goberna
Subjects:
Online Access:Acceso restringido

MARC

LEADER 00000nam a2200000 a 4500
005 20111123144520.0
007 cr|||| ||||
008 050705s2005 sp |||||| o000 ||spa|c
017 |a DL M. 19720-2005 
020 |a 8473512332 
035 |a 5467 
040 |d vLex 
043 |a e-sp---  |b e-sp--- 
080 |a 35(460):34 
090 |c 2786  |d 2786 
245 0 3 |a La Agencia estatal de evaluacin̤ de la calidad de los servicios y de las polt̕icas pb︢licas   |h [Recurso electrn̤ico] :  |b reflexiones y propuesta de creacin̤ : informe comisin̤ expertos /  |c Coordinador: Juan Antonio Garde Roca 
250 |a 1® ed. 
256 |a Servicio en ln̕ea 
260 |a Madrid :  |b Instituto Nacional de Administracin̤ Pb︢lica,  |c 2005 
300 |a Servicio en ln̕ea 
504 |a Referencias bibliogrf̀icas 
506 1 |a Contenido solo disponible en los productos indicados  |d vLex Global   |d vLex Global (Academic Edition, excluding Law Schools)   |d vLex Global (U.S. Academic Edition, Law Schools)   |d vLex Global (U.S. Academic Edition, excluding Law Schools)   |d vLex Global (Academic Edition, Law Schools)  
650 0 4 |a Administracin̤ pb︢lica  |z Espaą 
650 0 4 |a Polt̕icas pb︢licas  |z Espaą 
650 0 4 |a Servicios pb︢licos  |z Espaą 
650 0 4 |a Servicios pb︢licos   |x Control de calidad 
650 0 4 |a Administracin̤ pb︢lica  |x Control de calidad  |z Espaą 
700 1 |a Garde Roca, Juan Antonio 
710 2 |a Instituto Nacional de Administracin̤ Pb︢lica (Espaą) 
710 2 |a Espaą.  |b Ministerio para las Administraciones Pb︢licas 
740 0 |a vLex Libros (Servicio en ln̕ea) 
830 0 |a Estudios goberna 
856 4 0 |u http://vlex.com/source/agencia-estatal-evaluacion-servicios-politicas-publicas-5467  |z Acceso restringido 
942 |c BOOK